000 00641cab a2200229 4500
001 X2641
008 090401t1991 xxu||||| |||| 00| 0 eng d
035 _a(Sirsi) u25505
041 _aeng
100 _aJefferies, R.L.
245 _aCurrent problems in the valuation of commercial ground lessors` interests in New Zealand
260 _c1991
350 _a0
490 _aNew Zealand Valuers` Journal
_vMarch 1991, 11-20(10)
650 _aCOMMERCIAL GROUND LEASES
650 _aGLASGOW LEASES
650 _aGROUND LEASES
650 _aGROUND RENTAL
690 _aOVERSEAS-REST OF THE WORLD
942 _n0
948 _c04/03/1997
999 _c17128
_d17128